000 00366nam a2200145Ia 4500
008 191201s2004 xx 000 0 und d
082 _a621.4022
_bCHH
100 _aCHATTOPADHYAY, P
245 0 _aHeat Transfer Through Theory and Problems
250 _a3rd
260 _aN.Delhi
_bKhanna Publisher
_c2004
300 _a935
650 _aB.Tech(ME)
942 _2ddc
_cBK
999 _c2023
_d2023